| 000 | 00731nam a2200253 a 4500 | ||
|---|---|---|---|
| 005 | 20210219152954.0 | ||
| 008 | 991125n 000 0 u | ||
| 035 | _aUPN01000069959 | ||
| 100 | _aOakes, Jeannie | ||
| 222 | _aTHE ELEMENTARY SCHOOL JOURNAL | ||
| 245 | _aCreating middle schools : Technical, normative, and political considerations / [et al.] | ||
| 300 | _a461-480 | ||
| 362 | _a93, No. 5, 1993 | ||
| 505 | _aOctubre 1993 | ||
| 653 | 0 | _aCAMBIO EDUCATIVO | |
| 653 | 0 | _aDESARROLLO CURRICULAR | |
| 653 | 0 | _aESCUELAS MEDIAS | |
| 653 | 0 | _aINTEGRACION SOCIAL | |
| 653 | 0 | _aPOLITICAS DE EDUCACION | |
| 700 | _aQuartz, Karen Hunter | ||
| 700 | _aGong, Jennifer | ||
| 904 |
_aAC _b007770 |
||
| 905 | _aArticulo | ||
| 999 |
_c65174 _d65174 |
||